Aula Internacional 3. Curso Español. B1.

Wedi'i Gadw mewn:
Manylion Llyfryddiaeth
Prif Awdur: Corpas, Jaime (autor)
Awduron Eraill: Garmendia, Agustín (autor), Soriano Escolar, Carmen (autora), Sans, Neus (coordinadora pedagógica)
Fformat: Llyfr
Cyhoeddwyd: Barcelona, España: Difusión, 2006.
Pynciau:
Tagiau: Ychwanegu Tag
Dim Tagiau, Byddwch y cyntaf i dagio'r cofnod hwn!

MARC

LEADER 00000nam a22000007a 4500
003 CL-VaPUC
005 20240812122518.0
008 240807t2006 ||||| |||| 00| 0 eng d
999 |c 444424  |d 444422 
020 |a 978-84-8443-232-6 
040 |c Pontificia Universidad Católica de Valparaíso 
082 |2 22  |a 465 COR 2006 
100 |a Corpas, Jaime  |e autor  |9 890585 
245 |a Aula Internacional 3.  |b Curso Español. B1. 
260 |a Barcelona, España:   |b Difusión,  |c 2006. 
300 |a 192 páginas  |b + 1 CD. 
500 |a c.1 Entregado por Profesor René Venegas 07-08-2024 
583 |c 20240807  |k Catalogador Asistente 
650 0 |9 309143  |a Idioma español  |x Gramática   |v Guía para el estudiante  
650 0 |9 314728  |a Lengua española  |v Preguntas, ejercicios, etc. 
650 0 |9 890622  |a Spanish language  |x Study and teaching  |v Exercises and problems 
700 |a Garmendia, Agustín  |e autor  |9 890586 
700 |a Soriano Escolar, Carmen  |e autora  |9 890578 
700 |a Sans, Neus  |e coordinadora pedagógica  |9 890587 
942 |2 ddc  |c BK 
952 |0 0  |1 0  |2 ddc  |4 0  |6 465_000000000000000_COR_2006  |7 0  |8 A  |9 596250  |a BIBGIM  |b BIBGIM  |d 2024-08-08  |i 5662361  |o 465 COR 2006  |p 5662361  |r 2025-01-15  |t 1  |w 2024-08-08  |y BK  |k ELE